000 00902nas a2200301 4500
001 BR9900717
003 BR-BrBNA
005 20231205101240.0
007 ta
008 230509b bl.|||p| |||| 00| 00por d
040 _aBR-BrBNA
_bpor
_cBiblioteca Nacional de Agricultura
041 _a(Pt)
072 _aF60
100 1 _aMassignam, A.M.
100 1 _aFlesch, R.D.
100 1 _aVieira, H.J.
100 1 _aVictoria, F.B.
100 1 _aHemp, S.
245 1 _aEcofisiologia do feijoeiro; 5: relacoes entre o rendimento de graos e a deficiencia hidrica do solo
650 _aFeijao
650 _aDeficiencia Hidrica
650 _aGrao
650 _aRendimento
650 _aSanta Catarina
773 0 _tRevista Brasileira de Agrometeorologia (Brazil)
_xISSN 0104-1347
_g(Jan-Jun 1998), v. 6(1) p. 63-68
_wBR9900717
909 _a202311
_bLúcia
_c55
_dLúcia Elande
942 _2AGRIS
_n0
_cANA
999 _c160674
_d160674